000
00352 a2200169 4500
001
174325
020
_a
85-262-1422-5
040
_c
Magnum
100
_a
Siguemoto, Regina
240
1
0
_a
Ai, que medo!!!
_l
por
245
1
0
_a
Ai, que medo!!!
300
_a
16
362
0
_a
1990
440
1
_a
Scipione
697
_a
LITERATURA INFANTIL
942
_c
BK
999
_c
174325
_d
174325